Cntv.

Detalles Bibliográficos
Autor Corporativo: Consejo Nacional de Televisión (Chile)
Formato: Revista
Lenguaje:español
Publicado: Santiago, Chile Consejo Nacional de Televisión 2003
Materias:

MARC

LEADER 00000cas a2200000 a 4500
001 029028
003 UAHC_CL
005 20170803123025.0
008 040511b2003 cl 100 spa
040 |a UAHC_CL  |c UAHC_CL  |d UAHC_CL 
245 1 0 |a Cntv. 
260 |b Consejo Nacional de Televisión  |c 2003  |a Santiago, Chile 
650 4 |a TELEVISION 
653 |a ESTUDIOS GENERALES 
710 1 |a Consejo Nacional de Televisión (Chile) 
900 |a CNTV-MAR/09 
942 |c REV 
952 |0 0  |1 0  |4 0  |6 CNTV_MAR_09_000000000000000  |7 0  |8 General  |9 57184  |a BC  |b BC  |c General  |d 2017-08-03  |l 0  |o CNTV-MAR/09  |p 1374189  |r 2019-01-03 00:00:00  |t 1  |w 2017-08-03  |y REV 
999 |c 29028  |d 29028